000 00529nam a2200181Ia 4500
003 GCL
008 140319s9999 xx 000 0 ara d
040 _aGCL /
_cGCL
082 0 4 _a839.82
_bا ج
100 1 _aابسن، هنريك
245 1 0 _aجون جابربيل بوركمان /
_cابسن، هنريك
700 1 _aمحمود سامى احمد (مترجم)
300 _a106 ص
490 _aالالف كتاب
_v0
650 0 4 _aالادب العالمى
650 0 4 _aالادب النرويجى
942 _2ddc
_cBK
999 _c43491
_d43491